[Event "28th European Club Cup"]
[Site "Eilat ISR"]
[Date "2012.10.13"]
[Round "3.7"]
[White "Burg, Twan"]
[Black "Roiz, Michael"]
[Result "1/2-1/2"]
[WhiteTitle "IM"]
[BlackTitle "GM"]
[WhiteElo "2502"]
[BlackElo "2618"]
[WhiteTeam "Amay"]
[BlackTeam "Beer Sheba"]
[WhiteFideId "1010697"]
[BlackFideId "2804158"]
[EventDate "2012.10.11"]
[EventType "team-swiss"]

1. e4 e6 2. d4 d5 3. Nc3 dxe4 4. Nxe4 Nd7 5. Nf3 Ngf6 6. Nxf6+ Nxf6 7. c3 Be7 8.
Bd3 c5 9. dxc5 Bxc5 10. Qe2 Qc7 11. Bg5 Bd7 12. O-O-O Bd6 13. Kb1 O-O-O 14. Nd4
Ba4 15. Rd2 Bf4 16. Bxf4 Qxf4 17. g3 Qc7 18. f4 Kb8 19. Bb5 Bxb5 20. Nxb5 Rxd2
21. Qxd2 Qc6 22. Qd6+ Qxd6 23. Nxd6 Rf8 24. Kc2 Kc7 25. Nb5+ Kc6 26. Nd4+ Kd6
27. Nb5+ Kc6 28. Nd4+ Kd6 29. Nb5+ Kc6 30. Nd4+ Kd6 31. Nb5+ Kc6 32. Nd4+ Kd6
33. Nb5+ Kc6 34. Nd4+ Kd6 35. Nb5+ Kc6 36. Nd4+ Kd6 37. Nb5+ Kc6 38. Nd4+ Kd6
39. Nb5+ Kc6 40. Nd4+ Kd6 41. Nb5+ 1/2-1/2

[Event "28th European Club Cup"]
[Site "Eilat ISR"]
[Date "2012.10.13"]
[Round "3.7"]
[White "Broekmeulen, Jasper"]
[Black "Huzman, Alexander"]
[Result "0-1"]
[WhiteTitle "FM"]
[BlackTitle "GM"]
[WhiteElo "2410"]
[BlackElo "2591"]
[WhiteTeam "Amay"]
[BlackTeam "Beer Sheba"]
[WhiteFideId "1013440"]
[BlackFideId "2803828"]
[EventDate "2012.10.11"]
[EventType "team-swiss"]

1. e4 c6 2. Nf3 d5 3. exd5 cxd5 4. Ne5 Nc6 5. d4 e6 6. c3 Bd6 7. f4 Nge7 8. Bd3
O-O 9. O-O f6 10. Qh5 Nf5 11. Bxf5 exf5 12. Nd3 Re8 13. Qf3 Bf8 14. b3 Be6 15.
Ba3 Bxa3 16. Nxa3 Qa5 17. Nb1 Bf7 18. b4 Qb6 19. Na3 a5 20. Nc2 Qc7 21. Rae1 Re4
22. a3 b6 23. g3 Ne7 24. Nf2 Rxe1 25. Rxe1 Nc8 26. Rc1 Nd6 27. Ne3 axb4 28. axb4
Ra3 29. Nfd1 Qe7 30. Nf2 Qc7 31. Nfd1 Qb7 32. Qg2 Qa8 33. h3 Be6 34. g4 fxg4 35.
hxg4 Bf7 36. Nf2 Ra2 37. Qf3 Qa3 38. Qd1 Nb5 39. Qe1 Nd6 40. Qd1 Kf8 41. Kf1 Bg6
42. f5 Be8 43. Kg1 Bb5 44. Nh3 Ba4 45. Qe1 Qb2 46. Nf2 Ne4 47. Nxd5 Qxf2+ 48.
Qxf2 Nxf2 49. Nxb6 Bd1 50. d5 Bf3 51. d6 Nxg4 52. Nc4 Rh2 0-1

[Event "28th European Club Cup"]
[Site "Eilat ISR"]
[Date "2012.10.13"]
[Round "3.7"]
[White "Nabaty, Tamir"]
[Black "Memeti, Kastriot"]
[Result "1-0"]
[WhiteTitle "GM"]
[WhiteElo "2586"]
[BlackElo "2189"]
[WhiteTeam "Beer Sheba"]
[BlackTeam "Amay"]
[WhiteFideId "2809052"]
[BlackFideId "204390"]
[EventDate "2012.10.11"]
[EventType "team-swiss"]

1. Nf3 Nf6 2. c4 e6 3. Nc3 Bb4 4. Qc2 Nc6 5. a3 Bxc3 6. Qxc3 d6 7. b4 O-O 8. e3
e5 9. Be2 Bg4 10. Bb2 Qd7 11. h3 Bh5 12. d3 h6 13. g4 Bg6 14. Nh4 Bh7 15. b5 Nd8
16. f4 exf4 17. O-O Qe7 18. e4 Ne6 19. Nf5 Bxf5 20. gxf5 Ng5 21. h4 f3 22. Bxf3
Nh3+ 23. Kh2 Nf4 24. Rg1 Kh7 25. Qd2 N6h5 26. Qxf4 1-0

[Event "28th European Club Cup"]
[Site "Eilat ISR"]
[Date "2012.10.13"]
[Round "3.7"]
[White "Noiroux, Kevin"]
[Black "Postny, Evgeny"]
[Result "1/2-1/2"]
[BlackTitle "GM"]
[WhiteElo "2176"]
[BlackElo "2647"]
[WhiteTeam "Amay"]
[BlackTeam "Beer Sheba"]
[WhiteFideId "204234"]
[BlackFideId "2804344"]
[EventDate "2012.10.11"]
[EventType "team-swiss"]

1. d4 Nf6 2. Nf3 g6 3. Nc3 d5 4. Bf4 Bg7 5. e3 O-O 6. Be2 c5 7. O-O cxd4 8. exd4
Nc6 9. Ne5 Qb6 10. Nxc6 Qxc6 11. Bb5 Qb6 12. a4 a6 13. a5 Qd8 14. Bd3 Bf5 15.
Bxf5 gxf5 16. Ra3 Rc8 17. Rb3 Qd7 18. Ne2 Rc6 19. Rh3 Ne4 20. Ng3 Nxg3 21. hxg3
Rfc8 22. Qh5 h6 23. c3 Rg6 24. Qe2 Qd8 25. Ra1 Kh7 26. Rh5 e6 27. Ra3 Qd7 28.
Rb3 Rc4 29. Rb6 Ra4 30. b4 Ra1+ 31. Kh2 Qa4 32. Rxb7 Rb1 33. Rxf7 Qa1 34. Rxg7+
Kxg7 35. Qe5+ Kf7 36. Qc7+ Ke8 37. Qb8+ Kf7 38. Qb7+ Ke8 39. Qc6+ Ke7 40. Bd6+
Kf6 41. Be5+ Ke7 42. Qc7+ Ke8 43. Qb8+ Kf7 44. Qb7+ Ke8 45. Qc8+ Ke7 46. Qc7+ 1/2-1/2

[Event "28th European Club Cup"]
[Site "Eilat ISR"]
[Date "2012.10.13"]
[Round "3.7"]
[White "Greenfeld, Alon"]
[Black "Block, Wolfgang"]
[Result "1-0"]
[WhiteTitle "GM"]
[WhiteElo "2559"]
[BlackElo "2101"]
[WhiteTeam "Beer Sheba"]
[BlackTeam "Amay"]
[WhiteFideId "2800039"]
[BlackFideId "24665185"]
[EventDate "2012.10.11"]
[EventType "team-swiss"]

1. Nf3 d5 2. d4 Nf6 3. c4 c6 4. Nc3 dxc4 5. a4 Bf5 6. e3 e6 7. Bxc4 Bb4 8. O-O
O-O 9. Qe2 Bg6 10. Ne5 Nbd7 11. Nxg6 hxg6 12. Rd1 Nb6 13. Bb3 Nbd5 14. Na2 Be7
15. e4 Nb4 16. Nc3 a5 17. Be3 Qd7 18. Rac1 Rfe8 19. g3 Bd8 20. Kg2 Bc7 21. h4
Rad8 22. Bg5 Rc8 23. Qf3 Bd8 24. e5 Nfd5 25. Ne4 Bxg5 26. hxg5 Red8 27. Rh1 Qc7
28. Rh4 Kf8 29. Nd6 1-0

[Event "28th European Club Cup"]
[Site "Eilat ISR"]
[Date "2012.10.13"]
[Round "3.8"]
[White "Sprenger, Jan Michael"]
[Black "Van Wely, Loek"]
[Result "1/2-1/2"]
[WhiteTitle "IM"]
[BlackTitle "GM"]
[WhiteElo "2491"]
[BlackElo "2688"]
[WhiteTeam "De Stukkenjagers"]
[BlackTeam "Gros Xake Taldea"]
[WhiteFideId "4646258"]
[BlackFideId "1000268"]
[EventDate "2012.10.11"]
[EventType "team-swiss"]

1. e4 c5 2. Nf3 d6 3. d4 cxd4 4. Nxd4 Nf6 5. Nc3 a6 6. g3 e5 7. Nb3 Be7 8. Bg2
O-O 9. a4 b6 10. O-O Nbd7 11. Nd2 Bb7 12. Nc4 Nc5 13. Bg5 b5 14. axb5 axb5 15.
Rxa8 Qxa8 16. Bxf6 Bxf6 17. Qxd6 Nxe4 18. Nxe4 Bxe4 19. Nb6 Qb8 20. Qxb8 Rxb8
21. Nd7 Bxg2 22. Nxb8 Bxf1 23. Kxf1 Bd8 24. Nc6 Bc7 25. Ke2 Kf8 26. Na7 b4 27.
Nc6 b3 28. cxb3 Ke8 29. b4 Kd7 30. Na5 e4 31. Nc4 Kc6 32. Ke3 Kd5 33. b3 g5 34.
f3 exf3 35. Kxf3 f5 36. h3 h5 37. Ne3+ Ke5 38. Nc4+ Kd4 39. Ne3 g4+ 40. hxg4
hxg4+ 41. Nxg4 fxg4+ 42. Kxg4 1/2-1/2

[Event "28th European Club Cup"]
[Site "Eilat ISR"]
[Date "2012.10.13"]
[Round "3.8"]
[White "Bauer, Christian"]
[Black "Haast, Mark"]
[Result "1-0"]
[WhiteTitle "GM"]
[WhiteElo "2664"]
[BlackElo "2287"]
[WhiteTeam "Gros Xake Taldea"]
[BlackTeam "De Stukkenjagers"]
[WhiteFideId "603767"]
[BlackFideId "1021133"]
[EventDate "2012.10.11"]
[EventType "team-swiss"]

1. e4 c5 2. Nf3 Nc6 3. Bb5 g6 4. Bxc6 dxc6 5. d3 Bg7 6. h3 Nf6 7. Nc3 Nd7 8. Be3
e5 9. a3 Qe7 10. O-O Nf8 11. b4 Ne6 12. bxc5 Nxc5 13. Qb1 Ne6 14. Qb4 Nd4 15.
Bxd4 exd4 16. Ne2 b6 17. Qc4 c5 18. Nf4 O-O 19. Rfe1 Rd8 20. a4 Bh6 21. Nd5 Qd6
22. a5 Rb8 23. axb6 axb6 24. Reb1 Be6 25. Ra6 Bxd5 26. Qxd5 Qxd5 27. exd5 Rxd5
28. Raxb6 Rbd8 29. Rb8 Bf4 30. R8b7 Rc8 31. g3 Bh6 32. Re1 Bf8 33. Nd2 Rdd8 34.
Reb1 Re8 35. Ne4 Kg7 36. Rd7 Re7 37. Rbb7 Rxd7 38. Rxd7 h6 39. g4 Ra8 40. Rc7
Ra1+ 41. Kg2 Ra5 42. h4 Rb5 43. Kf3 Kg8 44. h5 gxh5 45. Nf6+ Kg7 46. Nxh5+ Kg8
47. Nf6+ Kg7 48. Ne4 Ra5 49. Rc8 Be7 50. Ng3 Bg5 51. Nf5+ Kg6 52. Rc6+ Kh7 53.
Ke4 1-0

[Event "28th European Club Cup"]
[Site "Eilat ISR"]
[Date "2012.10.13"]
[Round "3.8"]
[White "Muhren, Bianca"]
[Black "Landa, Konstantin"]
[Result "0-1"]
[WhiteTitle "WGM"]
[BlackTitle "GM"]
[WhiteElo "2307"]
[BlackElo "2641"]
[WhiteTeam "De Stukkenjagers"]
[BlackTeam "Gros Xake Taldea"]
[WhiteFideId "1008498"]
[BlackFideId "4101685"]
[EventDate "2012.10.11"]
[EventType "team-swiss"]

1. e4 c5 2. Nf3 e6 3. d4 cxd4 4. Nxd4 a6 5. Nc3 b5 6. Bd3 Qb6 7. Nb3 Qc7 8. O-O
Bb7 9. Qe2 Nf6 10. Bd2 b4 11. Nd1 Nc6 12. f4 a5 13. c3 bxc3 14. Bxc3 Nb4 15. Be5
Qd8 16. Bb5 a4 17. Nd4 Bc5 18. Kh1 Qb6 19. Nf3 Nxe4 20. Bxg7 Rg8 21. Ne5 Rd8 22.
Bh6 Nd6 23. Ng4 Qxb5 24. Nf6+ Ke7 25. Nxg8+ Rxg8 26. Bg5+ Rxg5 0-1

[Event "28th European Club Cup"]
[Site "Eilat ISR"]
[Date "2012.10.13"]
[Round "3.8"]
[White "Franco Alonso, Alejandro"]
[Black "Beukema, Stefan"]
[Result "1-0"]
[WhiteTitle "IM"]
[BlackTitle "FM"]
[WhiteElo "2479"]
[BlackElo "2271"]
[WhiteTeam "Gros Xake Taldea"]
[BlackTeam "De Stukkenjagers"]
[WhiteFideId "2214067"]
[BlackFideId "1024523"]
[EventDate "2012.10.11"]
[EventType "team-swiss"]

1. Nf3 Nf6 2. c4 c5 3. Nc3 b6 4. e4 d6 5. d4 cxd4 6. Nxd4 Bb7 7. Qe2 Nbd7 8. g4
h6 9. h4 Ne5 10. Bh3 g5 11. hxg5 hxg5 12. Bxg5 Nexg4 13. Bxf6 Nxf6 14. Bd7+ Qxd7
15. Rxh8 O-O-O 16. O-O-O Ng4 17. Kb1 Ne5 18. Rh7 e6 19. f4 Ng6 20. Qe3 Kb8 21.
Nf3 Qe8 22. Ng5 Rd7 23. Qg3 Bc6 24. Ka1 Be7 25. Rg1 Bf6 26. Rxf7 Rxf7 27. Nxf7
Bd4 28. Nxd6 Qf8 29. Rd1 Nxf4 30. Rxd4 Ne2 31. Qe5 Nxc3 32. Nb5+ Ka8 33. Nxc3 1-0

[Event "28th European Club Cup"]
[Site "Eilat ISR"]
[Date "2012.10.13"]
[Round "3.8"]
[White "Haast, Anne"]
[Black "Gonzalez De La Torre, Santiago"]
[Result "0-1"]
[WhiteTitle "WIM"]
[BlackTitle "IM"]
[WhiteElo "2232"]
[BlackElo "2442"]
[WhiteTeam "De Stukkenjagers"]
[BlackTeam "Gros Xake Taldea"]
[WhiteFideId "1017292"]
[BlackFideId "2221667"]
[EventDate "2012.10.11"]
[EventType "team-swiss"]

1. e4 c5 2. Nf3 e6 3. d4 cxd4 4. Nxd4 a6 5. c4 Nf6 6. Nc3 Qc7 7. a3 b6 8. Be3
Bb7 9. f3 d6 10. Qd2 Be7 11. Be2 O-O 12. O-O Nbd7 13. b4 Rac8 14. Rfc1 Rfe8 15.
Nb3 Qb8 16. Kh1 h5 17. Rab1 h4 18. c5 dxc5 19. bxc5 Nxc5 20. Nxc5 Bxc5 21. Bxc5
Rxc5 22. Rxb6 Qc7 23. Rcb1 Rd8 24. Qe1 Ba8 25. Na4 Rc2 26. Bxa6 Qf4 27. Nc3 h3
28. Bf1 hxg2+ 29. Bxg2 Rdd2 30. Qg3 Qxg3 31. hxg3 Rxg2 32. Rb8+ Kh7 33. Rxa8 Nh5 0-1

[Event "28th European Club Cup"]
[Site "Eilat ISR"]
[Date "2012.10.13"]
[Round "3.8"]
[White "Argandona Riveiro, Inigo"]
[Black "Van Dongen, Cor"]
[Result "0-1"]
[WhiteTitle "IM"]
[WhiteElo "2402"]
[BlackElo "2357"]
[WhiteTeam "Gros Xake Taldea"]
[BlackTeam "De Stukkenjagers"]
[WhiteFideId "2212072"]
[BlackFideId "1007920"]
[EventDate "2012.10.11"]
[EventType "team-swiss"]

1. c4 f5 2. g3 Nf6 3. Bg2 g6 4. d4 Bg7 5. Nc3 O-O 6. Nh3 d6 7. d5 Na6 8. Nf4 Qe8
9. h4 c6 10. dxc6 bxc6 11. Qa4 Nb8 12. Qa3 Na6 13. Nd3 Nc7 14. Bf4 Ne6 15. Rd1
a5 16. Kf1 Ra6 17. Kg1 Nxf4 18. Nxf4 Ng4 19. Nd3 Ne5 20. Nxe5 Bxe5 21. e3 Qf7
22. Rc1 Be6 23. b3 Bxc3 24. Rxc3 Qf6 25. Rc1 c5 26. Qa4 Qb2 27. Rd1 Qe2 28. Rf1
Rb8 29. h5 g5 30. h6 Kf7 31. Rh2 Rb4 32. Qa3 a4 33. Qc1 axb3 34. axb3 Rxb3 35.
e4 Kf6 36. exf5 Bxf5 37. Re1 Qb2 38. Qd1 Ra2 39. Rf1 Rd3 40. Qh5 Bg6 41. Qg4 Bf5
42. Qh5 Rb3 43. Bd5 e6 44. Qe8 Rb8 45. Qd7 Rg8 46. Qxd6 Qe5 47. Qxe5+ Kxe5 48.
f4+ gxf4 49. Rxa2 exd5 50. Re2+ Be4 51. cxd5 Rxg3+ 52. Kh2 Rg6 53. Rf3 Rxh6+ 54.
Kg1 c4 55. d6 Rxd6 56. Rh3 Rg6+ 57. Kh2 h6 58. Rh4 Rf6 59. Kg1 c3 60. Rh3 Rc6
61. Re1 c2 62. Rc1 Rb6 63. Kf2 Rb1 64. Rh5+ Kd4 65. Rxc2 Bxc2 66. Rxh6 Be4 0-1

[Event "28th European Club Cup"]
[Site "Eilat ISR"]
[Date "2012.10.13"]
[Round "3.9"]
[White "Williams, Simon K"]
[Black "Palac, Mladen"]
[Result "1-0"]
[WhiteTitle "GM"]
[BlackTitle "GM"]
[WhiteElo "2496"]
[BlackElo "2600"]
[WhiteTeam "Jutes of Kent"]
[BlackTeam "Siroki Brijeg"]
[WhiteFideId "404454"]
[BlackFideId "14500116"]
[EventDate "2012.10.11"]
[EventType "team-swiss"]

1. e4 c5 2. Nc3 d6 3. f4 g6 4. Nf3 Bg7 5. Bb5+ Bd7 6. Bc4 Nc6 7. O-O Na5 8. Be2
Nf6 9. d3 O-O 10. f5 gxf5 11. Qe1 Nc6 12. Qg3 fxe4 13. dxe4 Ng4 14. Nh4 Nge5 15.
Nf5 Bxf5 16. exf5 Kh8 17. Nd5 Nd7 18. Qh3 Nf6 19. Ne3 d5 20. Rf4 d4 21. Nf1 Ne5
22. Rh4 c4 23. Bf4 d3 24. Bxe5 dxe2 25. Ne3 Qb6 26. Bd4 Qa6 27. Re1 Rad8 28. Bc3
b5 29. Qf3 Qb6 30. Qxe2 b4 31. Be5 Rd5 32. Bg3 Rxf5 33. Bc7 Qxc7 34. Nxf5 c3 35.
bxc3 Qxc3 36. Nxg7 Kxg7 37. Rc4 Qb2 38. Qd2 a5 39. Rxe7 h6 40. h3 Qxa2 41. Rc6
Qb2 42. Re3 a4 43. Rg3+ Kh7 44. Qf4 Ng8 45. c3 a3 46. Qf5+ Kh8 47. Rxh6+ 1-0

[Event "28th European Club Cup"]
[Site "Eilat ISR"]
[Date "2012.10.13"]
[Round "3.9"]
[White "Brkic, Ante"]
[Black "Galego, Luis"]
[Result "1-0"]
[WhiteTitle "GM"]
[BlackTitle "GM"]
[WhiteElo "2575"]
[BlackElo "2485"]
[WhiteTeam "Siroki Brijeg"]
[BlackTeam "Jutes of Kent"]
[WhiteFideId "14506688"]
[BlackFideId "1900072"]
[EventDate "2012.10.11"]
[EventType "team-swiss"]

1. e4 c5 2. Nf3 e6 3. d4 cxd4 4. Nxd4 a6 5. Be2 Qc7 6. O-O Nf6 7. Nc3 Nc6 8. Be3
Be7 9. f4 d6 10. a4 O-O 11. Kh1 Nxd4 12. Qxd4 e5 13. Qd3 exf4 14. Bxf4 Be6 15.
Qg3 Rfd8 16. Rad1 Qc5 17. Bh6 Ne8 18. Nd5 Bxd5 19. Rxd5 Qxc2 20. Rdf5 f6 21. Bh5
Kh8 22. Bf7 Rac8 23. Rh5 Qxe4 24. Re1 Qxe1+ 25. Qxe1 gxh6 26. h3 Bf8 27. Qg3
Rc1+ 28. Kh2 Bg7 29. Rxh6 Rc5 30. Qg6 1-0

[Event "28th European Club Cup"]
[Site "Eilat ISR"]
[Date "2012.10.13"]
[Round "3.9"]
[White "Stebbings, Anthony J"]
[Black "Kurajica, Bojan"]
[Result "0-1"]
[BlackTitle "GM"]
[WhiteElo "2256"]
[BlackElo "2558"]
[WhiteTeam "Jutes of Kent"]
[BlackTeam "Siroki Brijeg"]
[WhiteFideId "402427"]
[BlackFideId "14400057"]
[EventDate "2012.10.11"]
[EventType "team-swiss"]

1. e4 c5 2. Nf3 Nc6 3. d4 cxd4 4. Nxd4 Qb6 5. Nb3 Nf6 6. Nc3 e6 7. Bd3 a6 8. Be3
Qc7 9. f4 Bb4 10. O-O Bxc3 11. bxc3 d6 12. Qf3 O-O 13. g4 b5 14. g5 Nd7 15. Qh5
Bb7 16. Rf3 g6 17. Qh6 f5 18. Rh3 Rf7 19. exf5 exf5 20. Nd4 Nf8 21. Ne2 Re8 22.
Kf2 Rfe7 23. Rg3 Na5 24. Bd4 Be4 25. Re1 Bxd3 26. cxd3 Ne6 27. Bf6 Nxf4 28. Nxf4
Rxe1 29. Rg1 R1e5 30. Bxe5 dxe5 31. Re1 Qf7 32. Nh5 gxh5 33. Qxa6 Nb7 34. Qxb5
Nd6 35. Qb3 Ra8 36. Re2 e4 37. dxe4 Nxe4+ 0-1

[Event "28th European Club Cup"]
[Site "Eilat ISR"]
[Date "2012.10.13"]
[Round "3.9"]
[White "Dizdarevic, Emir"]
[Black "Harakis, Alexis M"]
[Result "1-0"]
[WhiteTitle "GM"]
[WhiteElo "2491"]
[BlackElo "2229"]
[WhiteTeam "Siroki Brijeg"]
[BlackTeam "Jutes of Kent"]
[WhiteFideId "14400049"]
[BlackFideId "403954"]
[EventDate "2012.10.11"]
[EventType "team-swiss"]

1. Nf3 Nf6 2. g3 e6 3. Bg2 a6 4. c4 b5 5. d3 c5 6. e4 d6 7. e5 dxe5 8. Nxe5 Ra7
9. Nc3 Bb7 10. O-O Bxg2 11. Kxg2 Qc7 12. Nf3 Rb7 13. cxb5 axb5 14. a4 b4 15. Nb5
Qc6 16. Be3 Nbd7 17. Rc1 Qd5 18. b3 e5 19. d4 Rxb5 20. axb5 exd4 21. Bxd4 cxd4
22. Rc8+ Ke7 23. Re1+ Ne4 24. Nxd4 1-0

[Event "28th European Club Cup"]
[Site "Eilat ISR"]
[Date "2012.10.13"]
[Round "3.10"]
[White "Pelletier, Yannick"]
[Black "Korsunsky, Yuri"]
[Result "1-0"]
[WhiteTitle "GM"]
[BlackTitle "IM"]
[WhiteElo "2601"]
[BlackElo "2419"]
[WhiteTeam "Schachgesellschaft Zürich"]
[BlackTeam "Perfect"]
[WhiteFideId "1301837"]
[BlackFideId "14102722"]
[EventDate "2012.10.11"]
[EventType "team-swiss"]

1. Nf3 g6 2. c4 Bg7 3. Nc3 d6 4. d4 Bg4 5. e3 Nf6 6. h3 Bf5 7. g4 Bc8 8. Bg2 O-O
9. O-O Na6 10. b3 c5 11. Bb2 cxd4 12. exd4 d5 13. Ne5 Nc7 14. Re1 Be6 15. Qe2
Rc8 16. Rad1 Qd6 17. c5 Qd8 18. b4 Nd7 19. f4 f6 20. Nxd7 Qxd7 21. b5 b6 22. c6
Qd6 23. f5 gxf5 24. gxf5 Bxf5 25. Qxe7 Qg3 26. Qe3 Qg6 27. Qf3 Kh8 28. Nxd5 Nxd5
29. Qxd5 Bxh3 30. Rd2 Rg8 31. Rf2 Qg3 32. Qf3 Bh6 33. Qxg3 Rxg3 34. d5 Be3 35.
Rxe3 Rxe3 36. Bxf6+ Kg8 37. d6 1-0

[Event "28th European Club Cup"]
[Site "Eilat ISR"]
[Date "2012.10.13"]
[Round "3.10"]
[White "Kurochkin, Victor"]
[Black "Brunner, Lucas"]
[Result "0-1"]
[BlackTitle "GM"]
[WhiteElo "2423"]
[BlackElo "2448"]
[WhiteTeam "Perfect"]
[BlackTeam "Schachgesellschaft Zürich"]
[WhiteFideId "4105168"]
[BlackFideId "1300024"]
[EventDate "2012.10.11"]
[EventType "team-swiss"]

1. e4 c6 2. d4 d5 3. e5 Bf5 4. Nc3 h6 5. Be3 e6 6. Nge2 Nd7 7. Qd2 Ne7 8. O-O-O
Bh7 9. g4 b5 10. Ng3 b4 11. Nce2 Qa5 12. Kb1 c5 13. dxc5 Nc6 14. Nd4 Nxd4 15.
Bxd4 Bxc5 16. f4 O-O 17. Bd3 Bxd3 18. Qxd3 Bxd4 19. Qxd4 Rfc8 20. Ne2 Rc4 21.
Qe3 Rac8 22. Nd4 Nc5 23. f5 Ne4 24. f6 Qc7 25. fxg7 Qxe5 26. Qxh6 Qxg7 27. Qe3
Qg5 28. Qxg5+ Nxg5 29. h4 Ne4 30. Rh2 Kf8 31. g5 Ke7 32. Nf3 Ng3 33. Rg1 Nh5 34.
Ne5 Re4 35. Nd3 Rcc4 36. Rf2 Rc7 37. g6 fxg6 38. Rxg6 Kd6 39. Rh6 Rg7 40. a3 b3
41. cxb3 Rxh4 42. Re2 Re4 43. Rf2 Rg3 44. Kc2 Ng7 45. Nc1 Reg4 46. Ne2 Rg2 47.
Rxg2 Rxg2 48. Kd3 Rg4 49. b4 Nf5 50. Rh7 e5 51. Rf7 e4+ 52. Kd2 Ke5 53. Rxa7 Rg2
54. Ke1 Nd4 55. Re7+ Kd6 56. Rxe4 dxe4 57. Nxd4 Rxb2 58. Kd1 Kd5 59. Nc2 Kc4 60.
b5 Rxb5 61. Nb4 Ra5 62. Kd2 Rxa3 63. Nc6 Kd5 64. Nb4+ Ke5 65. Ke2 Rc3 66. Kd2
Rc4 67. Nc2 Rxc2+ 68. Kxc2 Kf4 69. Kd2 Kf3 70. Ke1 Ke3 0-1

[Event "28th European Club Cup"]
[Site "Eilat ISR"]
[Date "2012.10.13"]
[Round "3.10"]
[White "Vogt, Lothar"]
[Black "Slavin, Gennadie"]
[Result "1-0"]
[WhiteTitle "GM"]
[WhiteElo "2397"]
[BlackElo "2300"]
[WhiteTeam "Schachgesellschaft Zürich"]
[BlackTeam "Perfect"]
[WhiteFideId "4611292"]
[BlackFideId "4104870"]
[EventDate "2012.10.11"]
[EventType "team-swiss"]

1. e4 e6 2. d3 d5 3. Nd2 Nf6 4. Ngf3 Bc5 5. e5 Nfd7 6. d4 Be7 7. Bd3 c5 8. c3
Nc6 9. O-O cxd4 10. cxd4 a5 11. a4 Nb4 12. Bb5 Qc7 13. Ra3 O-O 14. Nb1 Nb6 15.
Rc3 Qd8 16. Na3 Bd7 17. Bd2 Rc8 18. Qb3 Bc6 19. Rfc1 Qd7 20. Bg5 f6 21. exf6
gxf6 22. Bh6 Rf7 23. Re1 Bd6 24. Rce3 Re8 25. Qd1 Bxb5 26. Nxb5 Nc4 27. R3e2 Bb8
28. Nh4 e5 29. b3 Nb6 30. g3 e4 31. Qd2 Rc8 32. Rc1 Rxc1+ 33. Qxc1 Nc8 34. Qd1
Qg4 35. Ng2 Ne7 36. Bd2 Nbc6 37. Re1 Qf5 38. f3 Qxf3 39. Qxf3 exf3 40. Nh4 Ng6
41. Nf5 Rf8 42. Kf2 Rd8 43. Kxf3 Kf7 44. h4 b6 45. Rc1 Nce7 46. Nh6+ Ke6 47. b4
axb4 48. Bxb4 Re8 49. h5 Nf8 50. Re1+ Kd7 51. Ng4 Ng8 52. Rxe8 Kxe8 53. Bxf8
Kxf8 54. Nc3 Kf7 55. Nxd5 Ke6 56. Nxb6 Bc7 57. a5 Kd6 58. d5 f5 59. Ne3 Ne7 60.
Nec4+ Kc5 61. d6 Bxd6 62. Nxd6 Kxd6 63. a6 Nc6 64. Kf4 Na7 65. Kxf5 Kc6 66. Nc4
Kb5 67. Ne5 Kxa6 68. Kf6 Nb5 69. Kg7 Nd6 70. Kxh7 Kb6 71. Kg6 1-0

[Event "28th European Club Cup"]
[Site "Eilat ISR"]
[Date "2012.10.13"]
[Round "3.11"]
[White "Agrest, Evgenij"]
[Black "Bok, Benjamin"]
[Result "1/2-1/2"]
[WhiteTitle "GM"]
[BlackTitle "IM"]
[WhiteElo "2614"]
[BlackElo "2530"]
[WhiteTeam "Team Viking"]
[BlackTeam "Eynatten"]
[WhiteFideId "1705024"]
[BlackFideId "1017063"]
[EventDate "2012.10.11"]
[EventType "team-swiss"]

1. Nf3 Nf6 2. c4 g6 3. Nc3 d5 4. cxd5 Nxd5 5. g3 Bg7 6. Bg2 O-O 7. O-O c5 8. Qa4
Nc6 9. Qh4 e6 10. Qxd8 Rxd8 11. Ng5 b6 12. Nge4 Bb7 13. Nxd5 exd5 14. Nc3 d4 15.
Nb5 d3 16. e3 Rd7 17. Rb1 Rad8 18. Rd1 a6 19. Nc3 Na5 20. Na4 Bxg2 21. Kxg2 Rb7
22. b3 c4 23. Bb2 b5 24. Nc5 Rb6 25. Bxg7 Kxg7 26. bxc4 Nxc4 27. Rb3 Rc6 28. Ne4
Nb6 29. Nc3 Rc4 30. Rdb1 f5 31. f4 Nd7 32. Rb4 Rxb4 33. Rxb4 Nb6 34. a4 Nc4 35.
Nb1 Nxe3+ 36. dxe3 d2 37. Nc3 Rc8 38. Nd1 Rc1 39. Nf2 d1=Q 40. Nxd1 Rxd1 41.
axb5 axb5 42. Rxb5 Rd2+ 43. Kh3 Re2 44. Rb7+ Kf6 45. Rxh7 Rxe3 46. Kg2 Re2+ 47.
Kf3 Ra2 48. h4 Ra3+ 49. Kg2 Ra2+ 50. Kh3 Ra1 51. Rb7 Rh1+ 52. Kg2 Rc1 53. Rb3
Ra1 54. Rf3 Kg7 55. Rf1 Ra2+ 56. Kh3 Kh6 57. Rb1 Rc2 58. Re1 Kg7 59. Rg1 Rc3 60.
Ra1 Rb3 61. h5 gxh5 62. Kh4 Rc3 63. Ra7+ Kg6 64. Ra6+ Kg7 65. Ra7+ Kg6 66. Ra6+
Kg7 67. Ra7+ Kg6 1/2-1/2

[Event "28th European Club Cup"]
[Site "Eilat ISR"]
[Date "2012.10.13"]
[Round "3.11"]
[White "Dambacher, Martijn"]
[Black "Volodin, Aleksandr"]
[Result "1-0"]
[WhiteTitle "IM"]
[BlackTitle "GM"]
[WhiteElo "2471"]
[BlackElo "2509"]
[WhiteTeam "Eynatten"]
[BlackTeam "Team Viking"]
[WhiteFideId "1005030"]
[BlackFideId "4501950"]
[EventDate "2012.10.11"]
[EventType "team-swiss"]

1. e4 c5 2. c3 Nf6 3. e5 Nd5 4. Nf3 e6 5. d4 cxd4 6. cxd4 Nc6 7. Bc4 d6 8. O-O
Be7 9. Qe2 O-O 10. Re1 Bd7 11. Nc3 Nxc3 12. bxc3 d5 13. Bd3 Na5 14. Qc2 g6 15.
h4 Nc4 16. h5 Kh8 17. g3 gxh5 18. Kg2 Rg8 19. Rh1 h4 20. Rh3 f5 21. exf6 Bxf6
22. Bf4 e5 23. dxe5 Bxh3+ 24. Kxh3 hxg3 25. exf6 gxf2 26. Qxf2 Qxf6 27. Qh4
Qxh4+ 28. Nxh4 Rgf8 29. Kg4 Rae8 30. Rh1 Kg8 31. Nf3 Re7 32. Rh5 Ne3+ 33. Kg3
Rg7+ 34. Ng5 Nf5+ 35. Kg4 h6 36. Bxf5 Rf6 37. Be5 Rxf5 38. Kxf5 1-0